[Event "British Universities-ch"]
[Site "Chess.com INT"]
[Date "2022.03.05"]
[Round "1.2"]
[White "Mahoney, Thomas"]
[Black "Varga, Andrea Alexandra"]
[Result "1-0"]
[WhiteElo "1533"]
[BlackElo "1268"]
[PlyCount "137"]
[EventDate "2022.03.05"]
[EventType "swiss"]
[EventRounds "9"]
[EventCountry "ENG"]
[SourceTitle "EXT 2023"]
[Source "ChessBase"]
[SourceDate "2022.10.05"]
[SourceVersion "1"]
[SourceVersionDate "2022.10.05"]
[SourceQuality "1"]
[WhiteTeam "Cardiff II"]
[BlackTeam "Kent II"]
[WhiteTeamCountry "WLS"]
[BlackTeamCountry "ENG"]

1. e4 e5 2. Nf3 Nc6 3. Bc4 Nf6 4. Nc3 Bc5 5. 0-0 0-0 6. h3 Na5 7. Bb3 d6 8. d3 h6 9. Na4 Bb6 10. Nxb6 axb6 11. Re1 Nxb3 12. cxb3 Re8 13. Be3 d5 14. exd5 Nxd5 15. Bd2 Bf5 16. Rxe5 Rxe5 17. Nxe5 Qf6 18. d4 c5 19. Qf3 Rd8 20. g4 cxd4 21. Qxf5 Qxf5 22. gxf5 Nf6 23. Rd1 Re8 24. Bf4 Nh5 25. Bh2 Nf6 26. Rxd4 g6 27. fxg6 fxg6 28. Rd6 Ne4 29. Rxg6+ Kh7 30. Rxb6 Re7 31. Nc4 Rg7+ 32. Kf1 Ng5 33. Bg3 Nxh3 34. a4 h5 35. Ke2 Ng5 36. Rb5 Ne4 37. Rxh5+ Kg6 38. Re5 Nxg3+ 39. fxg3 Kf6 40. Kf3 Kf7 41. Nd6+ Kf6 42. Kf4 Rd7 43. Ne4+ Kg6 44. Rg5+ Kh6 45. Rh5+ Kg6 46. Rg5+ Kh6 47. g4 Rf7+ 48. Rf5 Rd7 49. g5+ Kg6 50. Rf6+ Kg7 51. g6 Rd1 52. Rf7+ Kxg6 53. Rxb7 Rf1+ 54. Ke5 Re1 55. a5 Re2 56. a6 Rxb2 57. a7 Ra2 58. b4 Kh5 59. b5 Ra5 60. Nd6 Kg5 61. Ke6 Kf4 62. b6 Ke3 63. Rb8 Kd4 64. a8Q Re5+ 65. Kd7 Kc5 66. Qc6+ Kd4 67. Nb5+ Ke3 68. Re8 Rxe8 69. Kxe8 1-0